000
00199 a2200097 4500
001
1541
100
_a
Moore, H.T
245
_a
Materials of enginee
260
_a
_b
Mc grawhill
_c
090
_c
1081
_d
1081
942
_a
NUST-CAE
_c
M
_c
903
999
_c
236614
_d
236614